| 000 | 00583nam a2200157 a 4500 | ||
|---|---|---|---|
| 008 | 210303s2020 ||||||||||||||||| || u | ||
| 020 | _a9785907123540 | ||
| 050 | _aPG 2900 Kas | ||
| 100 | _aNikiforova, A.B | ||
| 245 | 1 | 0 |
_aTests on Russian language A2 level _cE.V Kasareba; A.B Nikiforova |
| 260 |
_aSt. Petersburg _c2020 |
||
| 300 | _a130 pages: illustrations | ||
| 650 | _aRUSSIAN LITERATURE | ||
| 700 | _aKasareba, E.v | ||
| 995 |
_FCBU-MAIN LIBRARY (Kitwe) _M1 _UAVAILABLE _WMar 3, 2021 _ZMain Library Open Access Collection |
||
| 999 |
_c59670 _d59670 |
||